| 000 | 00000nam##2200000za#4500 |
| 001 | 9.681542 |
| 003 | CaOODSP |
| 005 | 20200330071223 |
| 007 | ta |
| 008 | 150407|2001||||xxc||||| f|0| 0 fre|d |
| 020 | |a0-662-85987-1 |
| 040 | |aCaOODSP|bfre |
| 043 | |an-cn--- |
| 086 | 1 |aE94-314/2001F |
| 110 | 1 |aCanada.|bAgence canadienne de développement international. |
| 245 | 10|aPlan d'action de l'ACDI pour la protection des enfants : |bpromouvoir les droits des enfants ayant besoin de mesures de protection spéciales |
| 260 | |aOttawa - Ontario : |bAgence canadienne de développement international |c2001. |
| 300 | |a46p. : |bill. ; |c28 cm. |
| 563 | |aCouverture souple |
| 590 | |a01-28|b2001-07-13 |
| 691 | 07|aDroits de l'enfant|2gcpds |
| 691 | 07|aPauvreté dans l'enfance|2gcpds |
| 691 | 07|aDéfense des droits|2gcpds |
| 775 | 08|tCIDA's action plan on child protection : |w(CaOODSP)9.648234 |
| 776 | 0#|tPlan d'action de l'ACDI pour la protection des enfants : |w(CaOODSP)9.639907 |